Los padres fundadores de la ciencia social (Registro nro. 5806)

Detalles MARC
000 -LEADER
fixed length control field 01362 a2200193 4500
001 - CONTROL NUMBER
control field 54784
005 - DATE AND TIME OF LATEST TRANSACTION
control field 20260407155824.0
008 - FIXED-LENGTH DATA ELEMENTS--GENERAL INFORMATION
fixed length control field 260407a1969 arg spa d
003 - CONTROL NUMBER IDENTIFIER
control field AR-UNSa-BCEJYS
040 ## - CATALOGING SOURCE
Original cataloging agency AR-UNSa-BCEJYS
Language of cataloging spa
Transcribing agency AR-UNSa-BCEJYS
080 ## - UNIVERSAL DECIMAL CLASSIFICATION NUMBER
Universal Decimal Classification number 316
Common auxiliary subdivision Sociología
100 1# - MAIN ENTRY--PERSONAL NAME
Personal name Raison, Timothy
245 10 - TITLE STATEMENT
Title Los padres fundadores de la ciencia social
264 #1 - PRODUCTION, PUBLICATION, DISTRIBUTION, MANUFACTURE, AND COPYRIGHT NOTICE
Place of production, publication, distribution, manufacture Barcelona :
Name of producer, publisher, distributor, manufacturer Anagrama
Date of production, publication, distribution, manufacture, or copyright notice 1969
300 ## - PHYSICAL DESCRIPTION
Extent 235 p.
Dimensions 20 cm.
505 ## - FORMATTED CONTENTS NOTE
Formatted contents note 1. Adam Ferguson-Donald G. MacRae - 2. Saint-Simon-Steven Lukes - 3. Auguste Comte-Julius Gould - 4. John Stuart Mill-Alan Ryan - 5. Fréderich Le Play-Ronald Fletcher - 6. Karl Marx-Donald G. MacRade - 7. Friedrich Engels-John Rex - 8. Herbert Spencer-John H. Goldthorpe - 9. Edward Tylor-Godfrey Lienhardt - 10. Charles Booth-T. S. Simey - 11. Georges Sorel-Neil McInnes - 12. Vilfredo Pareto-John H. Goldthorpe - 13. Thorstein Veblen-J. A. Banks - 14. Emile Durkheim-John Rex - 15. Georg Simmel-Anthony Giddens - 16. Beatrice y Sidney Webb-Malcolm Warner - 17. L. T. Hobhouse-Morris Ginsberg - 18. Robert E. Park-Everett C. Hughes - 19. Max Weber-John Rex - 20. A. R. Radcliff-Brown-John Beattie - 21. Bronislaw Malinowski-Audrey Richards - 22. Pitirim Sorokin-F. R. Cowell - 23. Karl Mannheim-Jean Floud - 24. Talcott Parsons-Roland Robertson
590 ## - LOCAL NOTE (RLIN)
Local note niveau_biblio:m niveau_hierar:0
942 ## - ADDED ENTRY ELEMENTS (KOHA)
Koha item type
Existencias
Withdrawn status Lost status Damaged status Not for loan Home library Current library Shelving location Date acquired Total checkouts Full call number Barcode Date last seen Price effective from Koha item type
        Biblioteca Prof. Eusebio Cleto del Rey Biblioteca Prof. Eusebio Cleto del Rey   07/04/2026   316 R149 L23530 07/04/2026 07/04/2026 Libro